• 首页
  • 本馆介绍
  • 公告通知
  • 最新文献
  • 馆藏检索
  • 电子资源
  • 读者导购
  • 参考咨询
  • 我的图书馆
  • 登录
  • 详细信息显示
  • 放入我的书架
  • 预约/预借图书
  • 作者相关作品
  • 分类相关作品
  • 丛书相关作品
  • 出版社相关作品

书目信息

  • 表格格式
  • 工作单格式
  • 卡片格式
题名:
心灵的鸡汤
    
 
作者: 坎菲尔 , 汉森 著 ;吴淡如 译
分册:  
出版信息: 长春   时代文艺出版社  2001.06
页数: 590页
开本: 20cm
丛书名:
单 册:
中图分类: I712.65
科图分类:
主题词: 文学
电子资源:
ISBN: 7-5387-1245-3
000 00722nam0 2200229 45
001 0206231584
005 20090622090542.62
010    @a7-5387-1245-3@dCNY29.80
100    @a20020623d2001 km y0chiy0120 ea
101 0  @achi
105    @a z 000yy
200 1  @a心灵的鸡汤@AXin Ling De Ji Tang@e全译珍藏本 Ⅱ@EQuan Yi Zhen Cang Ben Ⅱ@f(美)坎菲尔,汉森著@F(Mei)Kan Fei Er,Han Sen Zhu@g吴淡如译
210    @a长春@c时代文艺出版社@d2001.06
215    @a590页@d20cm
517    @a全译珍藏本 Ⅱ@AQuan Yi Zhen Cang Ben Ⅱ
606 0  @a文学
690    @aI712.65@v4
701  0 @a坎菲尔@4著
701  0 @a汉森@4著
702  0 @a吴淡如@AWu Dan Ru@4译
801    @aCN@bPftUser@c20090622
905    @aBZT@b341363-365@dI712.65@e1@f3
    
    心灵的鸡汤:全译珍藏本 Ⅱ/(美)坎菲尔,汉森著/吴淡如译.-长春:时代文艺出版社,2001.06
    590页;20cm
    
    
    ISBN 7-5387-1245-3:CNY29.80
    
●
相关链接 在五车中查询图书 在当当中查询图书 在豆瓣中查询图书


正题名:心灵的鸡汤     索取号:I712.65/1         预约/预借

序号 登录号 条形码 馆藏地/架位号 状态 备注
1 341363   230085244   中心书库中库/打包BH0362/ [索取号:I712.65/1] 在馆    
2 341364   230085912   中心书库中库/打包BH1610/ [索取号:I712.65/1] 在馆    
3 341365   230085921   中心书库中库/打包BH1610/ [索取号:I712.65/1] 在馆    
山东省滨州职业学院图书馆 欢迎您!
大连网信软件有限公司© 版权所有